| 000 | 00685nam a2200217 a 4500 | ||
|---|---|---|---|
| 001 | 000044361 | ||
| 005 | 20240409073825.0 | ||
| 008 | 140624s2008 dr a 000 j spa d | ||
| 020 | _a9789945421415 | ||
| 040 |
_aDO-SdBNP _bspa _cBNPHU |
||
| 082 |
_aRD863.5 _bD159n |
||
| 100 | 1 |
_aDamirón, Anya _943024 |
|
| 245 | 1 | 0 |
_aNiño soñador / _cAnya Damirón; ilustraciones Pablo Pino. |
| 260 |
_aSanto Domingo : _bLucia´Stories, _c2008. |
||
| 300 |
_a14 p. : _bil. ; _c26 cm. |
||
| 490 | 1 | _aLos cuentos de Lucia | |
| 650 | 0 |
_aCuentos infantiles dominicanos _9505 |
|
| 650 | 4 |
_aLiteratura infantil dominicana _9441 |
|
| 700 | 1 | 2 |
_aPino, Pablo _972370 |
| 830 | 0 |
_aLos cuentos de Lucia _972371 |
|
| 999 |
_c43850 _d43850 |
||